| 000 | 00376pab a2200169 454500 | ||
|---|---|---|---|
| 008 | 180718b2013 xxu||||| |||| 00| 0 eng d | ||
| 100 | _aPatel, Amrit | ||
| 245 | _aAgricultural credit by banks | ||
| 260 | _c2013 | ||
| 300 | _ap.10-14. | ||
| 362 | _aDec | ||
| 650 | _aBanks | ||
| 650 | _aAgricultural credit | ||
| 773 | _aKurukshetra | ||
| 908 | _aN | ||
| 909 | _a103229 | ||
| 999 |
_c103225 _d103225 |
||